000 00855nam a2200253Ia 4500
003 OSt
005 20221005105547.0
006 a|||||r|||| 00| 0
007 ta
008 221004b |||||||| |||| 00| 0 hin d
020 _a8127119804X (pbk)
_c30
024 _a96797
037 _b576, 23/03/2009, Vani Prakashan
_cTextual
040 _aCRL
_cCRL
_bhin
041 _2hin
_ahin
082 _aO152,3N302x, K6;P4
100 _aभंडारी, मन्नू
245 0 _aयही सच है
246 _aYahī sach hai
260 _aनई दिल्ली
_bराधाकृष्ण पेपरबैक्स भारत
_c2004
300 _a152पृ0
_ccm.
942 _hO152,3N302x, K6;P4
_cTEXL
_2cc
999 _c1016168
_d1016168